000 00728nam a2200229 i 4500
001 bg
100 1 _aBOHDANOWICZ, Paulina
245 1 0 _aTurystyka a świadomość ekologiczna /
_cPaulina Bohdanowicz.
260 _aToruń :
_bAdam Marszałek,
_ccop. 2006.
300 _a361 s. :
_bfot., mapy, wykr. ;
_c24 cm.
504 _aBibliogr.
650 9 _aTurystyka
_xa świadomość ekologiczna
650 9 _aŚwiadomość ekologiczna
020 _a8374413921
040 _cBPK
041 0 _apol
080 _a379.85:504.03:316.6
920 _a83-7441-392-1
942 _cKS
008 s pl f |000 0 pol
999 _c51986
_d51986
856 _uhttp://koha.tu.koszalin.pl/cgi-bin/koha/opac-detail.pl?biblionumber=51986
_yKatalog online BPK